MARC

LEADER 00000nam0a2200000 4500
001 34749
005 20251212131705.0
035 |a (RuTPU)RU\TPU\book\35156 
035 |a BOOK00001808 
090 |a 34749 
100 |a 20011210d1993 m y0rusy50 ca 
101 0 |a rus 
102 |a RU 
105 |a y j 000zy 
200 1 |a Вычислительные машины и системы  |e учебное пособие  |f Под ред. В. Д. Ефремова, В. Ф. Мелехина 
210 |a Москва  |c Высшая школа  |d 1993 
215 |a 292 с. 
451 1 |0 (RuTPU)RU\TPU\book\107064  |y 5-7695-2219-4  |t Вычислительные машины, системы и сети  |o учебник  |f В. Ф. Мелехин, Е. Г. Павловский   |c М.  |n Academia  |d 2006  |p 560 с.  |s Высшее профессиональное образование. Автоматизация и управление  |a Мелехин, Виктор Федорович 
610 1 |a электронные вычислительные машины 
610 1 |a организация систем 
610 1 |a ЭВМ 
610 1 |a вычислительные системы 
610 1 |a построение 
610 1 |a развитие 
610 1 |a программное обеспечение 
610 1 |a учебные пособия 
675 |a 681.3(075.8)  |v 3 
675 |a 681.324(075.8)  |v 3 
702 1 |a Ефремов  |b В. Д.  |g Владимир Дмитриевич  |4 340 
702 1 |a Мелехин  |b В. Ф.  |g Виктор Федорович  |4 340 
801 0 |a RU  |b 63413507  |c 20011210  |g PSBO 
801 2 |a RU  |b 63413507  |c 20170323  |g PSBO 
942 |c BK